Concerning town planning

Salvato in:
Dettagli Bibliografici
Ente Autore: Le Corbusier (Autore)
Natura: Libro
Lingua:inglese
Pubblicazione: Londres The Architectural Press 1947
Soggetti:
Tags: Aggiungi Tag
Nessun Tag, puoi essere il primo ad aggiungerne!!

MARC

LEADER 00000nam a2200000 a 4500
001 UCY4102
003 CL-VaPUC
008 950228e19470000UK |||||||||||||||||eng|d
082 0 4 |a 711.4  |b LEC  |2 21 
110 2 |a Le Corbusier  |e author  |9 332533 
245 1 0 |a Concerning town planning 
300 |a 127 p 
942 |c BK 
945 |d 19950228 00:00:00  |a mfernand 
260 |a Londres  |b The Architectural Press  |c 1947 
650 0 |a Planificación urbana   |9 258176 
650 0 |a Urbanismo  |9 255208 
583 |a last modification  |c 19950228 00:00:00  |k Rodrigo Vera 
999 |c 232068  |d 232066 
952 |0 0  |1 0  |4 0  |6 711_400000000000000_LEC_1947  |7 0  |8 A  |9 236083  |a BIBARQ  |b BIBARQ  |d 2019-11-15  |i 3059480  |l 1  |o 711.4 LEC 1947  |p 3059480  |r 2025-01-20  |s 2024-11-12  |w 2019-11-15  |y BK  |k ARQ